The Puzzling Practice of Paying "Cash for Votes" CESifo Working Paper No. 10504, June 2023
Saved in:
| Main Author: | |
|---|---|
| Other Authors: | |
| Format: | Book |
| Language: | English |
| Published: |
Munich
Munich Society for the Promotion of Economic Research - CESifo
2023
|
| Edition: | 1st Edition |
| Subjects: | |
| Tags: |
No Tags, Be the first to tag this record!
|
MARC
| LEADER | 00000nlm a2200000 4500 | ||
|---|---|---|---|
| 001 | 0295821 | ||
| 005 | 20240506135710.9 | ||
| 022 | |a 2364-1428 | ||
| 041 | 0 | |a eng | |
| 044 | |a DE | ||
| 245 | 1 | 0 | |a The Puzzling Practice of Paying "Cash for Votes" |b CESifo Working Paper No. 10504, June 2023 |c Anand Murugesan, Jean-Robert Tyran |
| 250 | |a 1st Edition | ||
| 264 | 1 | |a Munich |b Munich Society for the Promotion of Economic Research - CESifo |c 2023 | |
| 300 | |a 19 s. | ||
| 610 | 2 | 0 | |a demokracia |
| 610 | 2 | 0 | |a voľby |
| 610 | 2 | 0 | |a právo volebné |
| 610 | 2 | 0 | |a moc politická |
| 610 | 2 | 0 | |a strany politické |
| 610 | 2 | 0 | |a behaviorizmus |
| 100 | 1 | |a Murugesan, Anand | |
| 700 | 1 | |a Tyran, Jean-Robert, 1967- | |